000 00761 a2200193 4500
020 _a0470844302
040 _aDLC
_bDLC
082 0 4 _a005.711
100 1 _aJipping, Michael J.
245 1 0 _aSymbian OS communications programming
_cMichael J. Jipping.
260 _aChichester :
_bWiley,
_cc2002.
300 _axviii, 397 p. :
_bill. ;
_c24 cm.
650 0 _aOperating systems (Computers)
650 0 _aData transmission systems.
856 4 2 _3Contributor biographical information
_uhttp://www.loc.gov/catdir/bios/wiley044/2002510638.html
856 4 2 _3Publisher description
_uhttp://www.loc.gov/catdir/description/wiley036/2002510638.html
856 4 2 _3Table of contents
_uhttp://www.loc.gov/catdir/toc/wiley031/2002510638.html
942 _cBK
_k005.711 JIP
_2ddc
999 _c6350
_d6350